书目信息 |
| 题名: |
服装美学
|
|
| 作者: | 杨道圣 著 | |
| 分册: | ||
| 出版信息: | 重庆 西南师范大学出版社 2003 |
|
| 页数: | 104页 | |
| 开本: | 29cm | |
| 丛书名: | 服装设计系列丛书 | |
| 单 册: | ||
| 中图分类: | TS941.11 | |
| 科图分类: | ||
| 主题词: | 服装美学 | |
| 电子资源: | ||
| ISBN: | 7-5621-2851-0 | |
| 000 | 00663nam0 2200229 45 | |
| 001 | 0312011549 | |
| 005 | 20031219104122.2 | |
| 010 | @a7-5621-2851-0@dCNY48.00 | |
| 100 | @a20031201d2003 km y0chiy0120 ea | |
| 101 | 0 | @achi |
| 105 | @aa z 000yy | |
| 200 | 1 | @a服装美学@AFu Zhuang Mei Xue@f杨道圣著@FYang Dao Sheng Zhu |
| 210 | @a重庆@c西南师范大学出版社@d2003 | |
| 215 | @a104页@c插图@d29cm | |
| 225 | @a服装设计系列丛书@f袁仄等主编 | |
| 410 | @12001 @a服装设计系列丛书 | |
| 410 | @1700 0@a袁仄@AYuan Ze@4主编 | |
| 606 | 0 | @a服装美学 |
| 690 | @aTS941.11@v4 | |
| 701 | 0 | @a杨道圣@4著 |
| 801 | @aCN@bTSTC@c20031201 | |
| 905 | @b329204-206@dTS941.11@e20@f3 | |
| 服装美学/杨道圣著.-重庆:西南师范大学出版社,2003 |
| 104页:插图;29cm.-(服装设计系列丛书/袁仄等主编) |
| ISBN 7-5621-2851-0:CNY48.00 |
| ● |
| 相关链接 |
|
|
|
|
正题名:服装美学
索取号:TS941.11/20
 
预约/预借
| 序号 | 登录号 | 条形码 | 馆藏地/架位号 | 状态 | 备注 |
| 1 | 0329204 | 203292043 | 第三借阅区/ [索取号:TS941.11/20] | 在馆 | |
| 2 | 0329205 | 203292052 | 第三借阅区/ [索取号:TS941.11/20] | 在馆 | |
| 3 | 0329206 | 203292061 | 第二样本阅览室/ [索取号:TS941.11/20] | 在馆 |